000 00999nam a2200205Ia 4500
003 OSt
005 20241009151946.0
007 ca aa aaaaa
008 201103s9999 xx 000 0 und d
040 _cSSBUL
041 _abur
082 _223
_a၂၉၄.၃၄၃၅ ‌ရွှေ
_b၉၂၂၄ S-SAT
245 1 0 _aရွှေကျီးနားနှင့် သိမ်တော်ကြီးဘုရားသမိုင်း /
_cရွှေထီးဣန္ဒရာ။
260 _aမန္တလေး ၊
_bတက်နေလင်းစာအုပ်ထုတ်ဝေရေးဌာန၊
_c၁၉၆၇။
300 _a၂၁၃ စာမျက်နှာ ၊
_bပုံများ ၊
_c၁၈ စင်တီ။
500 _a ဓမ္ပာနဂိုရ်-ရာဇဝင်ပါဝင်သည်
500 _aS-SAT: Dr. Sai Aung Tun
650 _aရျွေကျီးနားစေတီတေ်
_xသမိုင်း
_954975
942 _2ddc
_cBK1
999 _c16785
_d16785